Lyrics- Ft. Kygo, Selena Gomez - It Ain't Me - Statistics

General Stats
  • This quiz has been taken 70 times
  • The average score is 301 of 430
Answer Stats
Answer % Correct
a
100%
I
100%
me
96%
The
96%
the
96%
You
96%
you
96%
ain't
94%
and
94%
It
94%
it
94%
when
92%
all
90%
to
90%
had
88%
we
88%
your
88%
dream
86%
gonna
86%
were
86%
where
86%
Who's
86%
you're
84%
alone
82%
be
80%
drunk
80%
home
80%
No
80%
no
80%
of
80%
whiskey
80%
dark
78%
side
78%
sippin
78%
drive
76%
won't
75%
don't
73%
enough
73%
walk
73%
let
71%
through
71%
mornin
69%
sleep
69%
up
69%
wanna
69%
know
67%
neat
67%
so
67%
sun
67%
high
65%
night
65%
on
65%
or
65%
wakin
65%
been
63%
But
63%
along
63%
eye
63%
Somewhere
61%
was
61%
goin
59%
lines
59%
own
59%
seein
59%
out
57%
rock
57%
floor
53%
17
51%
Highest
51%
stayin
51%
oh
49%
stopped
49%
back
47%
I'm
45%
Bowery
39%
'Il
39%
take
37%
ah
35%
memories
33%
with
33%
I'll
31%
Polaroids
29%
growin
27%
leave
27%
Summer
27%
never
25%
nights
24%
worst
24%
behind
22%
Libertines
22%
ooh
22%
us
22%
Grateful
20%
Grateful
20%
grateful
20%
No matching quizzes found
Score Distribution
Percent of People with Each Score
Percentile by Number Answered
Your Score History
You have not taken this quiz